00241nam a22000977a 4500008004100000082001300041100003500054245002600089260000900115300001900124230703b xxu||||| |||| 00| 0 eng d a348bORR cCommonwealth of Australia 1998 aA Guide to Regulation c1998 avarious paging